[Event "DEN-chT 2324 61st"]
[Site "Denmark"]
[Date "2023.10.29"]
[Round "2.7"]
[White "Berg, Klaus"]
[Black "Akdag, Dara Sevkan"]
[Result "0-1"]
[WhiteElo "2273"]
[BlackElo "2163"]
[PlyCount "86"]
[EventDate "2023.10.28"]
[EventType "team-tourn"]
[EventRounds "9"]
[EventCountry "DEN"]
[SourceTitle "Mega2024 Update 01"]
[Source "Chessbase"]
[SourceDate "2023.11.12"]
[SourceVersion "1"]
[SourceVersionDate "2023.11.12"]
[SourceQuality "1"]
[WhiteTeam "Skanderborg Nordea"]
[BlackTeam "BMS"]
[WhiteTeamCountry "DEN"]
[BlackTeamCountry "DEN"]

1. Nf3 Nf6 2. c4 e6 3. Nc3 d5 4. d4 c6 5. cxd5 exd5 6. Bg5 Be7 7. Qc2 0-0 8. e3 Nh5 9. Bxe7 Qxe7 10. Bd3 g6 11. 0-0 Ng7 12. Rab1 a5 13. Rfe1 Nd7 14. e4 dxe4 15. Bxe4 Qd8 16. d5 c5 17. Rbd1 Nf6 18. d6 Bf5 19. Bxf5 Nxf5 20. Nd5 Nxd5 21. Rxd5 b6 22. d7 Qf6 23. Red1 Rfd8 24. b3 Ra7 25. h3 Qc6 26. Qe4 Kg7 27. Ne5 Qe6 28. f3 Nd4 29. Kf1 f5 30. Qh4 Rdxd7 31. Rxd7+ Rxd7 32. f4 Re7 33. Re1 Qf6 34. Qxf6+ Kxf6 35. Nc4 Rb7 36. Re8 Ne6 37. g3 b5 38. Ne3 a4 39. bxa4 bxa4 40. Nd5+ Kf7 41. Rh8 Nf8 42. Nf6 Kxf6 43. Rxf8+ Ke6 0-1

[Event "DEN-chT 2223 60th"]
[Site "Denmark"]
[Date "2023.03.25"]
[Round "8.4"]
[White "Berg, Klaus"]
[Black "Nordenbaek, Jan"]
[Result "1/2-1/2"]
[WhiteElo "2278"]
[BlackElo "2132"]
[PlyCount "46"]
[EventDate "2022.10.29"]
[EventType "team-tourn"]
[EventRounds "9"]
[EventCountry "DEN"]
[SourceTitle "CBM 213 Extra"]
[Source "ChessBase"]
[SourceDate "2023.05.31"]
[SourceVersion "1"]
[SourceVersionDate "2023.05.31"]
[SourceQuality "1"]
[WhiteTeam "Skanderborg Nordea"]
[BlackTeam "Hillerod"]
[WhiteTeamCountry "DEN"]
[BlackTeamCountry "DEN"]

1. d4 Nf6 2. c4 g6 3. Nc3 Bg7 4. e4 d6 5. f3 0-0 6. Bg5 c5 7. d5 h6 8. Be3 e6 9. Qd2 exd5 10. cxd5 Re8 11. Nge2 Nbd7 12. Nc1 Nh7 13. Be2 Ne5 14. 0-0 h5 15. f4 Ng4 16. Bxg4 Bxg4 17. h3 Bd7 18. N1e2 Rc8 19. f5 b5 20. a3 a5 21. fxg6 fxg6 22. Nf4 b4 23. axb4 axb4 1/2-1/2

[Event "DEN-chT 2223 60th"]
[Site "Denmark"]
[Date "2023.01.14"]
[Round "5.4"]
[White "Berg, Klaus"]
[Black "Nielsen, Thomas Bach"]
[Result "1-0"]
[WhiteElo "2278"]
[BlackElo "2160"]
[PlyCount "43"]
[EventDate "2022.10.29"]
[EventType "team-tourn"]
[EventRounds "9"]
[EventCountry "DEN"]
[SourceTitle "CBM 213 Extra"]
[Source "ChessBase"]
[SourceDate "2023.05.31"]
[SourceVersion "1"]
[SourceVersionDate "2023.05.31"]
[SourceQuality "1"]
[WhiteTeam "Skanderborg Nordea"]
[BlackTeam "BMS"]
[WhiteTeamCountry "DEN"]
[BlackTeamCountry "DEN"]

1. d4 f5 2. Nc3 d5 3. Bg5 Nf6 4. e3 e6 5. Nf3 Nbd7 6. Bd3 c6 7. 0-0 Bd6 8. Ne2 0-0 9. c4 h6 10. Bf4 Bxf4 11. Nxf4 Qe8 12. cxd5 cxd5 13. Bb5 a6 14. Bxd7 Bxd7 15. Ne5 Bb5 16. Re1 Nd7 17. Nfg6 Nxe5 18. Nxe5 f4 19. Rc1 Rc8 20. Rxc8 Qxc8 21. Ng6 Rf6 22. Ne7+ 1-0

[Event "Aarhus Chess House Summer"]
[Site "Aarhus"]
[Date "2021.07.27"]
[Round "2"]
[White "Koellner, Ruben Gideon"]
[Black "Berg, Klaus"]
[Result "1-0"]
[WhiteElo "2407"]
[BlackElo "2285"]
[PlyCount "73"]
[EventDate "2021.07.26"]
[EventType "swiss"]
[EventRounds "9"]
[EventCountry "DEN"]
[SourceTitle "CBM 203 Extra"]
[Source "ChessBase"]
[SourceDate "2021.09.30"]
[SourceVersion "1"]
[SourceVersionDate "2021.09.30"]
[SourceQuality "1"]

1. d4 c6 2. Nf3 d5 3. e3 Bf5 4. Bd3 Bxd3 5. cxd3 e6 6. 0-0 Nf6 7. Ne5 c5 8. Nd2 Bd6 9. Ndf3 0-0 10. dxc5 Bxc5 11. b3 Nbd7 12. Bb2 Nxe5 13. Nxe5 Rc8 14. Qf3 Qe7 15. a3 Bd6 16. Qe2 Rc7 17. f4 Rfc8 18. Rf2 a5 19. g4 Nd7 20. Nxd7 Rxd7 21. g5 e5 22. Qg4 Rdc7 23. f5 Rc2 24. Raf1 Rxf2 25. Rxf2 Qd7 26. Qh5 g6 27. Qf3 Bb8 28. h4 Re8 29. h5 e4 30. Qg2 exd3 31. hxg6 fxg6 32. fxg6 hxg6 33. Rf6 d2 34. Rxg6+ Kh7 35. Rh6+ Kg8 36. Rh8+ Kf7 37. Qf3+ 1-0

[Event "EU-ch Online 2300+ Qual"]
[Site "Chess.com INT"]
[Date "2020.05.29"]
[Round "2"]
[White "Berg, Klaus"]
[Black "Papp, Gabor"]
[Result "0-1"]
[WhiteElo "2285"]
[BlackElo "2602"]
[PlyCount "68"]
[EventDate "2020.05.29"]
[EventType "swiss"]
[EventRounds "8"]
[EventCountry "NET"]
[SourceTitle "CBM 196 Extra"]
[Source "ChessBase"]
[SourceDate "2020.07.31"]
[SourceVersion "1"]
[SourceVersionDate "2020.07.31"]
[SourceQuality "1"]

1. d4 g6 2. e4 Bg7 3. Nc3 d6 4. Be3 c6 5. Qd2 b5 6. h4 Nf6 7. f3 Nbd7 8. Bh6 Bxh6 9. Qxh6 Qa5 10. Nge2 b4 11. Nd1 b3+ 12. Ndc3 bxc2 13. Rc1 Rb8 14. Rxc2 Ba6 15. Nc1 Bxf1 16. Kxf1 c5 17. d5 Ne5 18. Kg1 c4 19. Rh3 Qc5+ 20. Kh1 Nd3 21. Nxd3 cxd3 22. Rd2 Qd4 23. Nd1 Nh5 24. g4 Nf6 25. h5 Rc8 26. hxg6 fxg6 27. Qe3 Qc4 28. b3 Qc1 29. Qxd3 0-0 30. Rhh2 Nd7 31. Rc2 Rxc2 32. Rxc2 Qa1 33. Kg2 Ne5 34. Qc3 Qxd1 0-1

[Event "Esbjerg Autumn 2nd"]
[Site "Esbjerg"]
[Date "2019.10.20"]
[Round "7"]
[White "Boe, Mads"]
[Black "Berg, Klaus"]
[Result "1/2-1/2"]
[WhiteElo "2286"]
[BlackElo "2288"]
[PlyCount "24"]
[EventDate "2019.10.18"]
[EventType "swiss"]
[EventRounds "7"]
[EventCountry "DEN"]
[SourceTitle "CBM 192 Extra"]
[Source "Chessbase"]
[SourceDate "2019.11.06"]
[SourceVersion "1"]
[SourceVersionDate "2019.11.06"]
[SourceQuality "1"]

1. d4 Nf6 2. c4 g6 3. Nc3 d5 4. cxd5 Nxd5 5. e4 Nxc3 6. bxc3 Bg7 7. Nf3 c5 8. Rb1 0-0 9. Be2 cxd4 10. cxd4 Qa5+ 11. Qd2 Qxd2+ 12. Bxd2 b6 1/2-1/2

[Event "Helsingor Xtracon op"]
[Site "Helsingor"]
[Date "2019.07.27"]
[Round "9"]
[White "Berg, Klaus"]
[Black "Lilja, Richard"]
[Result "1-0"]
[WhiteElo "2295"]
[BlackElo "2126"]
[PlyCount "83"]
[EventDate "2019.07.20"]
[EventType "swiss"]
[EventRounds "10"]
[EventCountry "DEN"]
[SourceTitle "CBM 191 Extra"]
[Source "ChessBase"]
[SourceDate "2019.09.30"]
[SourceVersion "1"]
[SourceVersionDate "2019.09.30"]
[SourceQuality "1"]

1. d4 Nf6 2. c4 g6 3. Nc3 Bg7 4. e4 d6 5. f3 0-0 6. Be3 c5 7. Nge2 Nc6 8. d5 Ne5 9. Ng3 h5 10. Be2 a6 11. a4 b6 12. 0-0 Bd7 13. h3 Qc8 14. f4 Nxc4 15. Bxc4 Bxh3 16. Be2 Bg4 17. f5 Bxe2 18. Ngxe2 Ng4 19. Qd2 Kh7 20. Bg5 Qb7 21. Nd1 b5 22. axb5 axb5 23. Rxa8 Rxa8 24. Ne3 Ne5 25. fxg6+ fxg6 26. Nf4 Ra2 27. Ne6 Rxb2 28. Nf8+ Kg8 29. Qxb2 Nf3+ 30. Rxf3 Bxb2 31. Nxg6 Bf6 32. Bxf6 exf6 33. Rxf6 b4 34. e5 dxe5 35. Nxe5 b3 36. Rf1 Qg7 37. N5c4 Qd4 38. d6 b2 39. Rb1 Qc3 40. Rxb2 Qe1+ 41. Nf1 Qc3 42. Rd2 1-0

[Event "Helsingor Xtracon op"]
[Site "Helsingor"]
[Date "2019.07.21"]
[Round "3"]
[White "Berg, Klaus"]
[Black "Kryakvin, Dmitry"]
[Result "0-1"]
[WhiteElo "2295"]
[BlackElo "2586"]
[PlyCount "54"]
[EventDate "2019.07.20"]
[EventType "swiss"]
[EventRounds "10"]
[EventCountry "DEN"]
[SourceTitle "CBM 191 Extra"]
[Source "ChessBase"]
[SourceDate "2019.09.30"]
[SourceVersion "1"]
[SourceVersionDate "2019.09.30"]
[SourceQuality "1"]

1. d4 Nf6 2. Nf3 e6 3. e3 d5 4. Bd3 Nbd7 5. 0-0 b6 6. b3 Bb7 7. Bb2 g6 8. Nbd2 Bg7 9. Qe2 0-0 10. Ba6 Bxa6 11. Qxa6 c5 12. c4 Qc8 13. Qxc8 Rfxc8 14. Rfd1 Rc7 15. Kf1 Rac8 16. Rac1 cxd4 17. Nxd4 a6 18. Ke2 Nc5 19. N4f3 Nfe4 20. Bxg7 Kxg7 21. cxd5 exd5 22. Ne1 Na4 23. Rxc7 Nac3+ 24. Kd3 Rxc7 25. Ra1 Nxf2+ 26. Kd4 Kf6 27. Nc4 Nb5+ 0-1

[Event "Aarhus Chess House IM"]
[Site "Aarhus"]
[Date "2019.07.05"]
[Round "8"]
[White "Easwaralingam, Adesh"]
[Black "Berg, Klaus"]
[Result "0-1"]
[WhiteElo "2087"]
[BlackElo "2295"]
[PlyCount "82"]
[EventDate "2019.06.30"]
[EventType "tourn"]
[EventRounds "9"]
[EventCountry "DEN"]
[EventCategory "2"]
[SourceTitle "CBM 191 Extra"]
[Source "ChessBase"]
[SourceDate "2019.09.30"]
[SourceVersion "1"]
[SourceVersionDate "2019.09.30"]
[SourceQuality "1"]

1. e4 c5 2. Nf3 d6 3. d4 cxd4 4. Nxd4 Nf6 5. Nc3 Nc6 6. Nb3 g6 7. Be2 Bg7 8. Be3 0-0 9. f3 Be6 10. Nd4 Bd7 11. Qd2 Rc8 12. Nxc6 bxc6 13. Bc4 Qa5 14. Ne2 Qxd2+ 15. Bxd2 d5 16. exd5 cxd5 17. Bd3 e5 18. c3 Ne8 19. Be3 Rc7 20. f4 f6 21. b4 Rf7 22. Bc5 Bf8 23. Bxf8 Kxf8 24. Kd2 Nd6 25. Rhf1 e4 26. Bc2 Nc4+ 27. Kc1 Ne3 28. Rf2 Ng4 29. Rf1 Bb5 30. Bd1 Ne3 31. Rf2 Bxe2 32. Rxe2 Rxc3+ 33. Kb2 d4 34. Bb3 Rb7 35. a3 f5 36. Rd2 Nc4+ 37. Bxc4 Rxc4 38. Kb3 Rbc7 39. b5 d3 40. Raa2 Rc3+ 41. Kb2 e3 0-1

[Event "Aarhus Chess House IM"]
[Site "Aarhus"]
[Date "2019.07.04"]
[Round "7"]
[White "Berg, Klaus"]
[Black "Heimisson, Hilmir Freyr"]
[Result "1/2-1/2"]
[WhiteElo "2295"]
[BlackElo "2279"]
[PlyCount "66"]
[EventDate "2019.06.30"]
[EventType "tourn"]
[EventRounds "9"]
[EventCountry "DEN"]
[EventCategory "2"]
[SourceTitle "CBM 191 Extra"]
[Source "ChessBase"]
[SourceDate "2019.09.30"]
[SourceVersion "1"]
[SourceVersionDate "2019.09.30"]
[SourceQuality "1"]

1. g3 c5 2. c4 Nc6 3. Bg2 g6 4. e3 Bg7 5. Ne2 e6 6. Nbc3 Nge7 7. 0-0 0-0 8. d4 cxd4 9. Nxd4 Nxd4 10. exd4 d5 11. cxd5 Nxd5 12. Nxd5 exd5 13. Qb3 Qb6 14. Be3 Be6 15. Rfc1 Bxd4 16. Bxd4 Qxd4 17. Rd1 Qb6 18. Bxd5 Bxd5 19. Rxd5 Qxb3 20. axb3 f6 21. Rda5 a6 22. b4 Rac8 23. b5 axb5 24. Rxb5 Rf7 25. Ra7 Rcc7 26. Ra8+ Kg7 27. Rb8 f5 28. Rb6 Rfe7 29. h4 Kh6 30. Rb4 Rc1+ 31. Kg2 Rc2 32. R8xb7 Ree2 33. Rf4 Rxb2 1/2-1/2

[Event "Aarhus Chess House IM"]
[Site "Aarhus"]
[Date "2019.07.02"]
[Round "4"]
[White "Ramsdal, Jens Albert"]
[Black "Berg, Klaus"]
[Result "1/2-1/2"]
[WhiteElo "2257"]
[BlackElo "2295"]
[PlyCount "61"]
[EventDate "2019.06.30"]
[EventType "tourn"]
[EventRounds "9"]
[EventCountry "DEN"]
[EventCategory "2"]
[SourceTitle "CBM 191 Extra"]
[Source "ChessBase"]
[SourceDate "2019.09.30"]
[SourceVersion "1"]
[SourceVersionDate "2019.09.30"]
[SourceQuality "1"]

1. e4 d5 2. exd5 Qxd5 3. d4 Nc6 4. Nf3 Bg4 5. Be2 0-0-0 6. c4 Qf5 7. Be3 Bxf3 8. Bxf3 Nxd4 9. Bxd4 Qe6+ 10. Be2 c5 11. Nc3 cxd4 12. Nd5 Nf6 13. Qxd4 Kb8 14. Qf4+ Qd6 15. Qxd6+ Rxd6 16. Nxf6 gxf6 17. Rd1 Rxd1+ 18. Kxd1 e6 19. Bh5 Rg8 20. g3 Rg7 21. Ke2 f5 22. h3 Kc7 23. Rd1 a5 24. Bf3 b6 25. Rd4 Bc5 26. Rd3 f6 27. Bh5 Rd7 28. f3 Rxd3 29. Kxd3 Kd6 30. Bf7 Bf2 31. g4 1/2-1/2

[Event "Aarhus Chess House IM"]
[Site "Aarhus"]
[Date "2019.07.01"]
[Round "3"]
[White "Carlstedt, Jonathan"]
[Black "Berg, Klaus"]
[Result "1-0"]
[WhiteElo "2408"]
[BlackElo "2295"]
[PlyCount "75"]
[EventDate "2019.06.30"]
[EventType "tourn"]
[EventRounds "9"]
[EventCountry "DEN"]
[EventCategory "2"]
[SourceTitle "CBM 191 Extra"]
[Source "ChessBase"]
[SourceDate "2019.09.30"]
[SourceVersion "1"]
[SourceVersionDate "2019.09.30"]
[SourceQuality "1"]

1. c4 g6 2. g3 Bg7 3. Bg2 Nf6 4. Nc3 0-0 5. e4 d6 6. Nge2 c5 7. a3 a5 8. d3 Nc6 9. Rb1 Ne8 10. Be3 Nc7 11. d4 cxd4 12. Nxd4 Nxd4 13. Bxd4 Bxd4 14. Qxd4 a4 15. h4 e5 16. Qd1 Qd7 17. 0-0 Qc6 18. Rc1 Be6 19. Qd2 Bxc4 20. Rfd1 Rfd8 21. Bf1 b5 22. Nxb5 Nxb5 23. Bxc4 Qd7 24. Bxb5 Qxb5 25. h5 Rab8 26. h6 Qe8 27. Rc4 Rb7 28. Rdc1 Kf8 29. R1c2 Ke7 30. Qa5 Ra8 31. Rc7+ Rxc7 32. Rxc7+ Kf6 33. Qd5 Ra6 34. Qb7 Ra8 35. f4 Rd8 36. Qd5 exf4 37. gxf4 Rd7 38. e5+ 1-0

[Event "Copenhagen Challenge"]
[Site "Ballerup"]
[Date "2018.04.28"]
[Round "7"]
[White "Mikalsen, Erlend"]
[Black "Berg, Klaus"]
[Result "0-1"]
[WhiteElo "2307"]
[BlackElo "2335"]
[PlyCount "68"]
[EventDate "2018.04.25"]
[EventType "swiss"]
[EventRounds "9"]
[EventCountry "DEN"]
[SourceTitle "CBM 184 Extra"]
[Source "ChessBase"]
[SourceDate "2018.06.28"]
[SourceVersion "1"]
[SourceVersionDate "2018.06.28"]
[SourceQuality "1"]

1. e4 c6 2. d4 d5 3. Nc3 a6 4. Nf3 Bg4 5. h3 Bh5 6. g4 Bg6 7. e5 e6 8. Bg2 c5 9. 0-0 Nc6 10. Be3 h5 11. dxc5 hxg4 12. hxg4 Nh6 13. Bg5 Be7 14. Bxh6 gxh6 15. Na4 h5 16. g5 h4 17. Nh2 h3 18. Bh1 Rh4 19. c4 Bxc5 20. Nf3 h2+ 21. Nxh2 Qxg5+ 22. Bg2 Qg3 23. Nf3 Rg4 24. Ne1 Ba7 25. cxd5 0-0-0 26. dxc6 Rxd1 27. cxb7+ Kc7 28. Rxd1 Be4 29. Rd7+ Kxd7 30. Nc5+ Bxc5 31. b8Q Qxg2+ 32. Nxg2 Rxg2+ 33. Kh1 Rxf2+ 34. Kg1 Rxb2+ 0-1

[Event "Copenhagen Challenge"]
[Site "Ballerup"]
[Date "2018.04.26"]
[Round "3"]
[White "Kvaloy, Aksel Bu"]
[Black "Berg, Klaus"]
[Result "1/2-1/2"]
[WhiteElo "1958"]
[BlackElo "2335"]
[PlyCount "62"]
[EventDate "2018.04.25"]
[EventType "swiss"]
[EventRounds "9"]
[EventCountry "DEN"]
[SourceTitle "CBM 184 Extra"]
[Source "ChessBase"]
[SourceDate "2018.06.28"]
[SourceVersion "1"]
[SourceVersionDate "2018.06.28"]
[SourceQuality "1"]

1. e4 g6 2. d4 Bg7 3. Nf3 d6 4. Bc4 Nf6 5. Qe2 0-0 6. 0-0 Bg4 7. Nbd2 Nc6 8. c3 e5 9. h3 Bxf3 10. Nxf3 Qe7 11. dxe5 Nxe5 12. Nxe5 Qxe5 13. Re1 Rfe8 14. Bd3 Re7 15. Be3 Rae8 16. Bd4 Qg5 17. Bxf6 Bxf6 18. Rf1 Be5 19. Qg4 Qd2 20. Bc4 Qf4 21. g3 Qxg4 22. hxg4 h6 23. f4 Bf6 24. Bd3 Kg7 25. Kg2 b5 26. Kf3 Rb8 27. Rac1 b4 28. cxb4 Rxb4 29. b3 a5 30. Rc4 c5 31. Rxb4 axb4 1/2-1/2

[Event "Copenhagen Challenge"]
[Site "Ballerup"]
[Date "2018.04.25"]
[Round "1"]
[White "Steenstrup, Svend"]
[Black "Berg, Klaus"]
[Result "1-0"]
[WhiteElo "1976"]
[BlackElo "2335"]
[PlyCount "67"]
[EventDate "2018.04.25"]
[EventType "swiss"]
[EventRounds "9"]
[EventCountry "DEN"]
[SourceTitle "CBM 184 Extra"]
[Source "ChessBase"]
[SourceDate "2018.06.28"]
[SourceVersion "1"]
[SourceVersionDate "2018.06.28"]
[SourceQuality "1"]

1. d4 Nf6 2. c4 c5 3. d5 b5 4. Qc2 bxc4 5. e4 d6 6. Bxc4 g6 7. Bd2 Bg7 8. f4 0-0 9. Nf3 Nxe4 10. Qxe4 Bxb2 11. Bc3 Bxa1 12. Bxa1 Ba6 13. Nbd2 Bxc4 14. Qxc4 Qa5 15. 0-0 Nd7 16. Bc3 Qc7 17. f5 f6 18. Qg4 Rf7 19. fxg6 hxg6 20. Qxg6+ Rg7 21. Qf5 Nb6 22. Qe6+ Kh8 23. Nh4 Rag8 24. Rf5 Na4 25. Rh5+ Rh7 26. Qf7 Rxh5 27. Qxh5+ Kg7 28. Nf5+ Kf8 29. Qh6+ Ke8 30. Qh7 Nxc3 31. Qxg8+ Kd7 32. Qf7 Qd8 33. Qe6+ Kc7 34. Nc4 1-0